00413nam a2200169 a 4500001001300000003000900013005001700022008004100039020001000080082001300090100002400103245002200127260004000149300000900189500003500198505001000233nice12345678IN_TiNIC20260116011827.0050524s1945 hyda grp 000 0 urd  ac10000a150bWOO aWoodworth, Robert S aJiddat-E-Nafsiyat aHyderabadbOsmania Universityc1945 a231p aincludes index and biblioraphy2 aIndex